Online Catalogue and eLibrary

Cultural semantics : (Record no. 2993)

MARC details
000 -LEADER
fixed length control field 00451nam a2200181Ia 4500
005 - DATE AND TIME OF LATEST TRANSACTION
control field 20240813073212.0
008 - FIXED-LENGTH DATA ELEMENTS--GENERAL INFORMATION
fixed length control field 240331s9999 xx 000 0 und d
020 ## - INTERNATIONAL STANDARD BOOK NUMBER
ISBN 1558491163
082 ## - DDC Classification
Item Number - Author Mark JAY
Class No. 401
100 ## - MAIN ENTRY--PERSONAL NAME
Personal name Jay,M
245 #0 - TITLE STATEMENT
Title Cultural semantics :
Remainder of title keywords of our time
260 ## - PUBLICATION, DISTRIBUTION, ETC.
Place of publication, distribution, etc. Amherst
Name of publisher, distributor, etc. University of massachusetts press
Date of publication, distribution, etc. 1998
300 ## - PHYSICAL DESCRIPTION
Extent (e.g. Volumes, Pages etc.) x, 263 p .,
650 ## - SUBJECT ADDED ENTRY--TOPICAL TERM
Topical term or geographic name entry element Cultural
650 ## - SUBJECT ADDED ENTRY--TOPICAL TERM
Topical term or geographic name entry element Women
650 ## - SUBJECT ADDED ENTRY--TOPICAL TERM
Topical term or geographic name entry element History
942 ## - Koha item type (Biblio)
Koha item type Books in Stacks (Lending)
Holdings
Lost status Damaged status Collection code Home library Current library Shelving location Date acquired Full call number Accession Number Item type
    Lending WERC Library WERC Library Social Science Cupboard 03/31/2024 401 JAY 4325 Books in Stacks (Lending)

© WERC Library